000
00301nam a2200109Ia 4500
008
200302s9999 xx 000 0 und d
100
_a
Lizzie Boyd
245
_a
Successful Gardening A-Z of Deciduous trees and Shrubs
260
_b
The Reader Digest Association Ltd.
260
_c
1994
300
_a
176 P.,
999
_c
4204
_d
4204